| 000 | 00781nam a2200253Ia 4500 | ||
|---|---|---|---|
| 003 | OSt | ||
| 005 | 20220928105143.0 | ||
| 006 | a|||||r|||| 00| 0 | ||
| 007 | ta | ||
| 008 | 220927b |||||||| |||| 00| 0 hin d | ||
| 020 | _c3000 | ||
| 024 | _a127880 | ||
| 037 |
_b397, 31/12/2015, Kiran Book Service _cTextual |
||
| 040 |
_aSDCL _cSDCL _bhin |
||
| 041 |
_2hin _ahin |
||
| 082 | _aV2y7M91, Q5.1-Q5.4 | ||
| 100 |
_aGajbhiye Prabhakar _9414114 |
||
| 245 | 0 | _aMain Dr. Bhimrao Ambedkar bol rha hun (4 Vol. Sets) | |
| 260 |
_aDelhi _bPushpanjali _c2015 |
||
| 300 |
_a336p,328p,336p,416p _ccm. |
||
| 650 |
_aHindi _9391598 |
||
| 942 |
_hV2y7M91, Q5.1-Q5.4 _cTEXL _2CC |
||
| 999 |
_c729932 _d729932 |
||